Sports Quiz

Random Sports or Basketball Quiz

2016 Womens Baketball Olympic Team (USA) Quiz Stats

 Plays Quiz not verified by Sporcle

Challenge
Share
Tweet
Embed
Score 0/12 Timer 06:00
0 Plays Today
Number Player % Correct
12Diana Taurasi
89.5%
15Brittney Griner
84.2%
6Sue Bird
73.7%
7Maya Moore
68.4%
9Breanna Stewart
57.9%
10Tamika Catchings
57.9%
4Lindsay Whalen
52.6%
11Elena Delle Donne
52.6%
5Seimone Augustus
47.4%
13Sylvia Fowles
47.4%
8Angel McCoughtry
42.1%
14Tina Charles
42.1%

You're not logged in!

Compare scores with friends on all Sporcle quizzes.
OR
Log In

You Might Also Like...

Show Comments

Extras

Created Aug 24, 2016ReportNominate
Tags:Basketball Quiz, 2016, team, USA, women

Top Quizzes Today


Score Distribution

Your Account Isn't Verified!

In order to create a playlist on Sporcle, you need to verify the email address you used during registration. Go to your Sporcle Settings to finish the process.

Report this User

Report this user for behavior that violates our Community Guidelines.

Details: